sticking out your guyot for the ridge push; you're so seafloor spread, you're so fracture zone

Taylor Harvey, Tracy Mirkin, Aseem Keyal, Adam Fine


Fine Arts - Classical Music and Opera613.3383%50%0%
Fine Arts - Other Arts822.50100%100%25%
Fine Arts - Painting and Sculpture920.0089%78%33%
Geography320.00100%100%0%
History - American History611.67100%0%17%
History - European History816.25100%63%0%
History - Other History715.71100%57%0%
History - World History518.00100%60%20%
Literature - American Literature616.67100%67%0%
Literature - British Literature917.78100%67%11%
Literature - European Literature1014.0090%50%0%
Literature - World Literature818.75100%75%13%
Modern World210.00100%0%0%
Mythology420.00100%75%25%
Other Academic313.33100%33%0%
Other Culture225.00100%50%100%
Other Science (Astronomy)110.00100%0%0%
Other Science (Computer Science)110.00100%0%0%
Other Science (Earth Science)10.000%0%0%
Other Science (Engineering)120.00100%100%0%
Other Science (Math)316.67100%67%0%
Philosophy618.33100%83%0%
Religion512.00100%20%0%
Science - Biology916.67100%56%11%
Science - Chemistry715.7186%57%14%
Science - Physics514.00100%20%20%
Social Science518.00100%80%0%